<?xml version="1.0" encoding="UTF-8"?>
<record
    xmlns:xsi="http://www.w3.org/2001/XMLSchema-instance"
    xsi:schemaLocation="http://www.loc.gov/MARC21/slim http://www.loc.gov/standards/marcxml/schema/MARC21slim.xsd"
    xmlns="http://www.loc.gov/MARC21/slim">

  <leader>01275namaa22003131i 4500</leader>
  <controlfield tag="003">EG-GICUC</controlfield>
  <controlfield tag="005">20260503134918.0</controlfield>
  <controlfield tag="008">260503s2025    ye ||||jr|||| 000 0 ara d</controlfield>
  <datafield tag="040" ind1=" " ind2=" ">
    <subfield code="a">EG-GiCUC</subfield>
    <subfield code="b">ara</subfield>
    <subfield code="c">EG-GiCUC</subfield>
    <subfield code="d">EG-GiCUC</subfield>
    <subfield code="e">rda</subfield>
  </datafield>
  <datafield tag="043" ind1=" " ind2=" ">
    <subfield code="a">a-ye---</subfield>
  </datafield>
  <datafield tag="082" ind1="0" ind2="4">
    <subfield code="2">21</subfield>
    <subfield code="a">070.509532</subfield>
    <subfield code="b">F146</subfield>
  </datafield>
  <datafield tag="092" ind1="0" ind2="4">
    <subfield code="2">21</subfield>
    <subfield code="a">070.509532</subfield>
    <subfield code="b">F146</subfield>
  </datafield>
  <datafield tag="099" ind1=" " ind2=" ">
    <subfield code="a">070.509532 F146</subfield>
  </datafield>
  <datafield tag="100" ind1="1" ind2=" ">
    <subfield code="a">&#x641;&#x636;&#x644;&#x649;&#x60C; &#x639;&#x628;&#x62F; &#x627;&#x644;&#x644;&#x647; &#x639;&#x644;&#x649;</subfield>
    <subfield code="d">1956-</subfield>
    <subfield code="e">&#x645;&#x624;&#x644;&#x641;.</subfield>
  </datafield>
  <datafield tag="245" ind1="1" ind2=" ">
    <subfield code="a">&#x642;&#x628;&#x633;&#x627;&#x62A; &#x648;&#x625;&#x636;&#x627;&#x621;&#x627;&#x62A; &#x645;&#x646; &#x639;&#x627;&#x644;&#x645; &#x627;&#x644;&#x646;&#x634;&#x631; &#x641;&#x649; &#x627;&#x644;&#x64A;&#x645;&#x646; &#x625;&#x644;&#x649; &#x641;&#x636;&#x627;&#x621;&#x627;&#x62A; &#x639;&#x631;&#x628;&#x64A;&#x629; &#x648;&#x639;&#x627;&#x644;&#x645;&#x64A;&#x629; : </subfield>
    <subfield code="b">&#x631;&#x624;&#x649; &#x648;&#x62D;&#x644;&#x648;&#x644; / </subfield>
    <subfield code="c">&#x62A;&#x623;&#x644;&#x64A;&#x641; &#x648;&#x62A;&#x62D;&#x631;&#x64A;&#x631; &#x627;&#x644;&#x62F;&#x643;&#x62A;&#x648;&#x631; &#x639;&#x628;&#x62F; &#x627;&#x644;&#x644;&#x647; &#x639;&#x644;&#x649; &#x627;&#x644;&#x641;&#x636;&#x644;&#x649;</subfield>
  </datafield>
  <datafield tag="250" ind1=" " ind2=" ">
    <subfield code="a">&#x627;&#x644;&#x637;&#x628;&#x639;&#x629; &#x627;&#x644;&#x627;&#x648;&#x644;&#x649;</subfield>
  </datafield>
  <datafield tag="264" ind1=" " ind2=" ">
    <subfield code="a">&#x635;&#x646;&#x639;&#x627;&#x621; (&#x627;&#x644;&#x64A;&#x645;&#x646;) :</subfield>
    <subfield code="b">&#x645;&#x643;&#x62A;&#x628;&#x629; &#x62E;&#x627;&#x644;&#x62F; &#x627;&#x628;&#x646; &#x627;&#x644;&#x648;&#x644;&#x64A;&#x62F;&#x60C; </subfield>
    <subfield code="c">2025.</subfield>
  </datafield>
  <datafield tag="300" ind1=" " ind2=" ">
    <subfield code="a">&#x61B; 292</subfield>
    <subfield code="c">24 &#x633;&#x645;</subfield>
  </datafield>
  <datafield tag="336" ind1=" " ind2=" ">
    <subfield code="2">rdacontent</subfield>
    <subfield code="a">text</subfield>
  </datafield>
  <datafield tag="337" ind1=" " ind2=" ">
    <subfield code="2">rdamedia</subfield>
    <subfield code="a">Unmediated</subfield>
  </datafield>
  <datafield tag="338" ind1=" " ind2=" ">
    <subfield code="2">rdacarrier</subfield>
    <subfield code="a">volume</subfield>
  </datafield>
  <datafield tag="504" ind1=" " ind2=" ">
    <subfield code="a">&#x64A;&#x634;&#x62A;&#x645;&#x644; &#x639;&#x644;&#x649; &#x627;&#x631;&#x62C;&#x627;&#x639;&#x627;&#x62A; &#x628;&#x628;&#x644;&#x64A;&#x648;&#x62C;&#x631;&#x627;&#x641;&#x64A;&#x629;</subfield>
  </datafield>
  <datafield tag="541" ind1=" " ind2=" ">
    <subfield code="a">&#x62F;. &#x639;&#x628;&#x62F; &#x627;&#x644;&#x644;&#x647; &#x639;&#x644;&#x649; &#x627;&#x644;&#x641;&#x636;&#x644;&#x649; &#x61B;</subfield>
    <subfield code="b">&#x627;&#x644;&#x642;&#x627;&#x647;&#x631;&#x629; &#x61B;</subfield>
    <subfield code="c">&#x625;&#x647;&#x62F;&#x627;&#x621; &#x61B;</subfield>
    <subfield code="d">2025.</subfield>
  </datafield>
  <datafield tag="650" ind1="1" ind2="7">
    <subfield code="a">&#x646;&#x634;&#x631; &#x627;&#x644;&#x643;&#x62A;&#x628; </subfield>
    <subfield code="z">&#x627;&#x644;&#x64A;&#x645;&#x646;</subfield>
    <subfield code="2">qrmak</subfield>
  </datafield>
  <datafield tag="650" ind1="1" ind2="7">
    <subfield code="a">&#x627;&#x644;&#x643;&#x62A;&#x628; </subfield>
    <subfield code="x">&#x635;&#x646;&#x627;&#x639;&#x629; &#x648;&#x62A;&#x62C;&#x627;&#x631;&#x629;</subfield>
    <subfield code="2">qrmak</subfield>
  </datafield>
  <datafield tag="651" ind1="1" ind2=" ">
    <subfield code="2">qrmak</subfield>
  </datafield>
  <datafield tag="905" ind1=" " ind2=" ">
    <subfield code="a">Huda</subfield>
  </datafield>
  <datafield tag="942" ind1=" " ind2=" ">
    <subfield code="2">ddc</subfield>
    <subfield code="c">BK</subfield>
    <subfield code="e">21</subfield>
    <subfield code="n">0</subfield>
  </datafield>
  <datafield tag="999" ind1=" " ind2=" ">
    <subfield code="c">179927</subfield>
    <subfield code="d">179927</subfield>
  </datafield>
  <datafield tag="952" ind1=" " ind2=" ">
    <subfield code="0">0</subfield>
    <subfield code="1">0</subfield>
    <subfield code="2">ddc</subfield>
    <subfield code="4">0</subfield>
    <subfield code="7">1</subfield>
    <subfield code="a">CUCL</subfield>
    <subfield code="b">cl220</subfield>
    <subfield code="d">2026-05-03</subfield>
    <subfield code="i">175460</subfield>
    <subfield code="l">0</subfield>
    <subfield code="o">070.509532 F146 c.1</subfield>
    <subfield code="p">01000100175459000</subfield>
    <subfield code="r">2026-05-03 12:17:00</subfield>
    <subfield code="w">2026-05-03</subfield>
    <subfield code="y">BK</subfield>
  </datafield>
  <datafield tag="952" ind1=" " ind2=" ">
    <subfield code="0">0</subfield>
    <subfield code="1">0</subfield>
    <subfield code="2">ddc</subfield>
    <subfield code="4">0</subfield>
    <subfield code="7">1</subfield>
    <subfield code="a">CUCL</subfield>
    <subfield code="b">cl220</subfield>
    <subfield code="d">2026-05-03</subfield>
    <subfield code="i">175460</subfield>
    <subfield code="l">0</subfield>
    <subfield code="o">070.509532 F146 c.2</subfield>
    <subfield code="p">01000100175460000</subfield>
    <subfield code="r">2026-05-03 12:42:59</subfield>
    <subfield code="w">2026-05-03</subfield>
    <subfield code="y">BK</subfield>
  </datafield>
</record>
